000
00336nam a2200145Ia 4500
008
240126s9999 xx 000 0 und d
041
_a
English
082
_a
PRHM17-1872
100
_a
Goutham V.
245
0
_a
Momo cafe
_b
V Jaykumar.
260
_b
PES University
_a
Bangalore
440
_a
NULL
650
_a
Momo,cafe
942
_c
PR
999
_c
281800
_d
281800